000 01514nam a2200469 i 4500
001 17065
003 KOSZ 005
005 20210302094443.0
008 010213s1976 pl a f |000 0 pol
015 _aUWD 1977/247
035 _a991015663279705066
035 _a(PL-WaBN)b14212122-48omnis_nlop
035 _ab14212122
035 _a(OCoLC)297670431
035 _a(PL)b0000001421212
035 _a(EXLNZ-48OMNIS_NETWORK)9910376683905606
040 _aWA N
_cWA N
_dKOSZ 005/HR
041 0 _apol
080 _a631.2
080 _a69
080 _a728.9
245 0 0 _aPoradnik mistrza budownictwa wiejskiego /
_c[aut. Włodzimierz Domińczyk et al. ; red. naukowa Ryszard Cwil et al.].
250 _aWyd. 2 popr. i uzup.
260 _aWarszawa :
_b"Arkady",
_c1976.
300 _a756 s. :
_bil. ;
_c22 cm.
336 _aTekst
_btxt
_2rdacontent
337 _aBez urządzenia pośredniczącego
_bn
_2rdamedia
338 _aWolumin
_bnc
_2rdacarrier
380 _aKsiążki
380 _aPublikacje fachowe
388 _a1901-2000
388 _a1989-2000
650 7 _aBudownictwo wiejskie
_2DBN
655 7 _aPoradnik
_2DBN
658 _aArchitektura i budownictwo
700 1 _aCwil, Ryszard
_eRedakcja
700 1 _aDomińczyk, Włodzimierz
_eAutor
710 2 _aWydawnictwo Arkady
_4pbl
856 _uhttp://koha.tu.koszalin.pl/cgi-bin/koha/opac-detail.pl?biblionumber=17065
_yKatalog online BPK
942 _2UKD
_cKS
999 _c17065
_d17065